00710nam a2200241 a 4500001001300000003000900013005001700022008004100039020002300080082001700103100001400120245003400134260004400168300000900212500003500221505001900256650001600275700001400291902000800305942000700313952013300320999001500453nice12345678IN_TiNIC20260116012921.0050524s1988 dela grp 000 0 eng  a8171001 c12500a340.59bGAN1 aGani, H A aReform of Muslim Personal Law aDelhibDeep and Deep Publicationsc1988 a176p aincludes index and biblioraphy2 aAknowledgement aIslamic-Law1 aGani, H A bSRS cBK 001040708StackRoom-aHMIbHMId2007-05-02g125.00l7m2o340.59 GAN1p012865r2018-06-25s2018-06-22v125.00w2005-05-24yBK c8885d8885